| 000 | 00425nam a2200193Ia 4500 | ||
|---|---|---|---|
| 008 | 210210b1934 xxu||||| |||| 00| 0 eng d | ||
| 041 | _aeng | ||
| 082 | _a335/385 | ||
| 100 | _a- | ||
| 245 | _aMadras journal of cooperation 1934 | ||
| 260 |
_aMadras _b- _c1934 |
||
| 650 | _aof | ||
| 650 | _aMadras | ||
| 650 | _ajournal | ||
| 650 | _acooperation | ||
| 650 | _a1934 | ||
| 690 | _aIndian Economics | ||
| 906 | _a004727 | ||
| 999 |
_c127750 _d127750 |
||